000 00500nam a2200181Ia 4500
003 GCL
008 140319s9999 xx 000 0 eng d
040 _aGCL /
_cGCL
082 0 4 _aCC
_b069.0932
_bE E
100 1 _aGAMAL MOKHTAR
245 1 0 _aTHE EGYPTIAN MUSEUM, CAIRO IN TEN YEARS 1965 - 1975 /
_cGAMAL MOKHTAR
260 _a[S.N] :
_bEGYPTIAN ANTIQUITIES ORGANIZATION ،
_c1976
300 _a49 P
650 0 4 _aMUSEUMS
650 0 4 _aANTIQUITIES
650 0 4 _aEGYPT, MUSEUMS
942 _2ddc
_cBK
999 _c16198
_d16198